000 01064nam a22002417a 4500
999 _c103
_d103
003 AR-CdUCM
008 190221b ||||| |||| 00| 0 eng d
040 _aMUNICIPALIDAD PROVINCIAL DEL CUSCO
_cBIBLIOTECA MUNICIPAL DEL CUSCO
082 _a335.4 /
_bM64
100 _aMiróQuesada C., Francisco
_9493
245 _aLa otra mitad del mundo:
_bChina comunista /
260 _aLima :
_bTipografía Santa Rosa,
_c1959.
300 _a157 páginas ;
_c21.3 cm.
505 _aContenido: China comunista -- La mística experiencia del TU -- Pekín: un hormiguero -- Las tentaciones del turismo -- Temperamento ruso y carácter chino -- Lo que dijo Mao-Tse-Tung -- Las tribulaciones del escritor -- Alta poesía y filosofía simplista -- La política de las cien flores -- El teólogo de Nankín...
650 _aFrancisco Miróquesada
_9494
650 _aComunismo
_9495
650 _aUnión soviética
_9496
650 _aDescripciones y viajes
_9497
650 _aChina comunista
_9498
650 _aRusia
_9499
942 _2ddc
_cLIBROS
945 _alccs
_d2019-02-21